000 00754nam a2200241Ia 4500
003 OSt
005 20220918224259.0
006 a|||||r|||| 00| 0
007 ta
008 220917b |||||||| |||| 00| 0 eng d
024 _a227,389
037 _cTextual
040 _aARTS
_cARTS
_beng
041 _2eng
_aeng
082 _aR694, P5
100 _aBhatt S.R. Ed.
245 0 _aBuddhist thought and culture
_b Indo - Japan seminar on buddhist philosophy; with special refernce to the thoughts and works of Professor Hajime Nakamura
260 _aDelhi
_bOriginals Publication
_c2005
300 _aix, 454p.
_ccm.
650 _aBUDDHIST PHILOSOPHY
942 _hR694, P5
_cTEXL
_2CC
999 _c280745
_d280745